[Event "Rheinhausen-ch"]
[Site "Rheinhausen"]
[Date "2011.01.21"]
[Round "2"]
[White "Roeder, Regina"]
[Black "Klees, Robert"]
[Result "1-0"]
[WhiteElo "1513"]
[BlackElo "1346"]
[PlyCount "45"]
[EventDate "2011.01.07"]
[EventType "swiss"]
[EventRounds "7"]
[EventCountry "GER"]
[SourceTitle "EXT 2015"]
[Source "ChessBase"]
[SourceDate "2014.11.20"]
[SourceVersion "1"]
[SourceVersionDate "2014.11.20"]
[SourceQuality "1"]

1. d4 Nf6 2. c4 e5 3. dxe5 Ng4 4. Bf4 g5 5. Bd2 Nc6 6. Nf3 Bg7 7. Bxg5 f6 8. exf6 Nxf6 9. Nc3 h6 10. Bd2 d6 11. Qc2 Qe7 12. Qg6+ Kd7 13. g3 Rg8 14. Bg2 Bf8 15. Qc2 Kd8 16. 0-0 Be6 17. b3 Kd7 18. Rad1 Re8 19. Rfe1 Kc8 20. e4 Bf7 21. Nh4 Nd4 22. Qd3 Nc6 23. Nf5 1-0

[Event "Rheinhausen-ch 12th"]
[Site "Duisburg Rheinhausen"]
[Date "2008.02.08"]
[Round "4"]
[White "Roeder, Regina"]
[Black "Hoffmann, Fabian"]
[Result "0-1"]
[WhiteElo "1464"]
[BlackElo "1696"]
[PlyCount "98"]
[EventDate "2008.01.11"]
[EventType "swiss"]
[EventRounds "7"]
[EventCountry "GER"]
[SourceTitle "EXT 2018"]
[Source "ChessBase"]
[SourceDate "2017.10.13"]
[SourceVersion "1"]
[SourceVersionDate "2017.10.13"]
[SourceQuality "1"]

1. d4 c5 2. Nf3 Nf6 3. c4 e6 4. Nc3 cxd4 5. Nxd4 Nc6 6. Nf3 d5 7. cxd5 Nxd5 8. Nxd5 Qxd5 9. Qxd5 exd5 10. Bd2 Bc5 11. e3 0-0 12. Be2 d4 13. e4 Re8 14. Bd3 Bf5 15. 0-0 Bxe4 16. Bxe4 Rxe4 17. Rac1 Bb6 18. Rc4 Ne5 19. Nxe5 Rxe5 20. a4 Rc5 21. Rxd4 Rc2 22. Rd7 Rxb2 23. a5 Rd8 24. Rxd8+ Bxd8 25. Rd1 Rc2 26. Kf1 f6 27. Be3 Bxa5 28. Bxa7 Rc7 29. Be3 Kf7 30. Ke2 Bc3 31. Rb1 Ke7 32. Kd3 Be5 33. h3 Ke6 34. Rb6+ Kd5 35. Rb5+ Kc6 36. Rc5+ Kd6 37. Rb5 Rd7 38. Ke2 Kc7 39. Kf3 Bd4 40. Bxd4 Rxd4 41. Ke3 Kc6 42. Rb3 Rd5 43. Rb2 b5 44. Ke4 Rc5 45. Kd3 Rc4 46. f3 Kc5 47. g4 b4 48. Rb3 Kb5 49. h4 Rc7 0-1

[Event "Rheinhausen-ch 11th"]
[Site "Duisburg Rheinhausen"]
[Date "2007.01.26"]
[Round "2"]
[White "Klaus, Helmut"]
[Black "Roeder, Regina"]
[Result "1-0"]
[WhiteElo "1790"]
[BlackElo "1454"]
[PlyCount "63"]
[EventDate "2007.01.12"]
[EventType "swiss"]
[EventRounds "7"]
[EventCountry "GER"]
[SourceTitle "EXT 2018"]
[Source "ChessBase"]
[SourceDate "2017.10.13"]
[SourceVersion "1"]
[SourceVersionDate "2017.10.13"]
[SourceQuality "1"]

1. e4 d5 2. exd5 Nf6 3. d4 Nxd5 4. c4 Nf6 5. Nc3 e6 6. Bg5 Be7 7. Nf3 0-0 8. Be2 Nbd7 9. 0-0 h6 10. Bf4 b6 11. Qd2 c5 12. d5 exd5 13. cxd5 Re8 14. Nb5 Ne4 15. Qc2 Ndf6 16. Nc7 Bb7 17. Nxe8 Qxe8 18. Bc4 b5 19. Bd3 Bxd5 20. Rfe1 Qc6 21. Ne5 Qb7 22. f3 Nd6 23. b3 Rc8 24. Qe2 Bf8 25. Rac1 Qb6 26. Kh1 Nh5 27. Be3 Be6 28. b4 Nb7 29. Bxb5 Qd6 30. Nc4 Qd8 31. Ba6 cxb4 32. Bxb7 1-0

[Event "Rheinhausen-ch 10th"]
[Site "Duisburg Rheinhausen"]
[Date "2006.02.17"]
[Round "4.13"]
[White "Roeder, Regina"]
[Black "Klaus, Helmut"]
[Result "0-1"]
[WhiteElo "1483"]
[BlackElo "1818"]
[PlyCount "68"]
[EventDate "2006.01.06"]
[EventType "swiss"]
[EventRounds "7"]
[EventCountry "GER"]
[SourceTitle "EXT 2007"]
[Source "ChessBase"]
[SourceDate "2006.11.23"]
[SourceVersion "1"]
[SourceVersionDate "2006.11.23"]
[SourceQuality "1"]

1. d4 Nf6 2. c4 e6 3. Nc3 d5 4. cxd5 exd5 5. Bg5 Be7 6. e3 h6 7. Bh4 Be6 8. Rc1 Nbd7 9. Bd3 0-0 10. Nge2 a6 11. 0-0 b6 12. a3 c5 13. dxc5 bxc5 14. Bg3 c4 15. Bb1 Nc5 16. Nd4 Qb6 17. Qe2 Nb3 18. Nxb3 Qxb3 19. Ba2 Qb7 20. Rfd1 Bc5 21. Rd2 Rfe8 22. h3 Rac8 23. Rcd1 d4 24. exd4 Bg4 25. Qf1 Bxd1 26. dxc5 Bb3 27. Bd6 Ne4 28. Nxe4 Qxe4 29. Bxb3 cxb3 30. Qd1 Qe1+ 31. Qxe1 Rxe1+ 32. Kh2 a5 33. Kg3 Rc1 34. f4 Rc2 0-1

[Event "Rheinhausen op"]
[Site "Duisburg"]
[Date "2005.01.07"]
[Round "1"]
[White "Roeder, Regina"]
[Black "Pennekamp, Manfred"]
[Result "0-1"]
[WhiteElo "1460"]
[BlackElo "1817"]
[PlyCount "60"]
[EventDate "2005.01.07"]
[EventType "swiss"]
[EventRounds "7"]
[EventCountry "GER"]
[SourceTitle "EXT 2006"]
[Source "ChessBase"]
[SourceDate "2005.11.24"]
[SourceVersion "1"]
[SourceVersionDate "2005.11.24"]
[SourceQuality "1"]

1. d4 Nf6 2. c4 c5 3. Nf3 cxd4 4. Nxd4 e5 5. Nf3 Bc5 6. e3 Nc6 7. Nc3 0-0 8. Be2 d6 9. 0-0 Re8 10. a3 Bg4 11. b4 Bb6 12. Bb2 a5 13. b5 Ne7 14. Qc2 Rc8 15. Ne4 Ng6 16. Nxf6+ Qxf6 17. Qe4 Bxf3 18. Bxf3 Rc7 19. Rfd1 Ne7 20. Rd2 Qe6 21. Rad1 Bc5 22. a4 f5 23. Qc2 Rec8 24. Bd5 Nxd5 25. Rxd5 Bb4 26. Qb3 Rxc4 27. h3 Qf7 28. Bxe5 dxe5 29. Rd8+ Bf8 30. Rxf8+ Kxf8 0-1

[Event "BL2 Gr1 0304 (Women)"]
[Site "Germany"]
[Date "2004.03.14"]
[Round "7.6"]
[White "Roeder, Regina"]
[Black "Hauser, Anna"]
[Result "0-1"]
[WhiteElo "1449"]
[BlackElo "1496"]
[PlyCount "38"]
[EventDate "2003.10.25"]
[EventType "team-tourn"]
[EventRounds "7"]
[EventCountry "GER"]
[SourceTitle "EXT 2006"]
[Source "ChessBase"]
[SourceDate "2005.11.24"]
[SourceVersion "1"]
[SourceVersionDate "2005.11.24"]
[SourceQuality "1"]
[WhiteTeam "Krefeld (W)"]
[BlackTeam "Walldorf (W)"]
[WhiteTeamCountry "GER"]
[BlackTeamCountry "GER"]

1. d4 d5 2. c4 e6 3. Nc3 c6 4. cxd5 exd5 5. Nf3 Nf6 6. Bg5 Be7 7. Qc2 0-0 8. e3 Re8 9. Bd3 Nbd7 10. 0-0 Nf8 11. Rac1 Bg4 12. Ne5 Bh5 13. Be2 Bxe2 14. Qxe2 Bd6 15. Nf3 Re6 16. h3 Qd7 17. Bxf6 Rxf6 18. Qc2 Rg6 19. Nh4 Qxh3 0-1